000 00502nam a22001937a 4500
003 MPLRDC
005 20220104194249.0
008 210129b ||||| |||| 00| 0 eng d
020 _a978-986-6319-80-8
082 _a874.57 MIL
100 _aMADELINE MILLER
245 _a阿基里斯之歌
_c黄煜文 译
250 _a初版三刷
260 _a台湾
_b马可孛罗文化
_c2013
300 _b
490 _aECHO: MO0027
650 _a美国文学--长篇小说
942 _cBK
_o874.57 MIL
999 _c65595
_d65585